ბათუმის შოთა რუსთაველის სახელმწიფო უნივერსიტეტის ბიბლიოთეკა

იბერიულ-კავკასიური ენათმეცნიერება V = иберийско-кавказкое языкознание=IVERO-CAUCASIA (ბიბ.ჩანაწერი № 52401)

000 -LEADER
fixed length control field 00988nam a2200217Ia 4500
001 - CONTROL NUMBER
control field 19421
003 - CONTROL NUMBER IDENTIFIER
control field GE_BSU
008 - FIXED-LENGTH DATA ELEMENTS--GENERAL INFORMATION
fixed length control field 181216s||||||||xx |||||||||||||| ||und||
040 ## - CATALOGING SOURCE
Transcribing agency GE_BSU
245 ## - TITLE STATEMENT
Title იბერიულ-კავკასიური ენათმეცნიერება V = иберийско-кавказкое языкознание=IVERO-CAUCASIA
245 ## - TITLE STATEMENT
Statement of responsibility, etc. რედ: ქ.ლომთათიძე,ივ.გიგინეიშვილი
260 ## - PUBLICATION, DISTRIBUTION, ETC.
Place of publication, distribution, etc. თბილისი
260 ## - PUBLICATION, DISTRIBUTION, ETC.
Name of publisher, distributor, etc. საქართველოს სსრ მეცნიერებათა აკადემიის გამომცემლობა
260 ## - PUBLICATION, DISTRIBUTION, ETC.
Date of publication, distribution, etc. 1953
300 ## - PHYSICAL DESCRIPTION
Extent 529გვ;24სმ.
653 ## - INDEX TERM--UNCONTROLLED
Uncontrolled term ენათმეცნიერება
653 ## - INDEX TERM--UNCONTROLLED
Uncontrolled term იბერიულ-კავკასიური ენათმეცნიერება V
653 ## - INDEX TERM--UNCONTROLLED
Uncontrolled term ქართული ენა
942 ## - ADDED ENTRY ELEMENTS (KOHA)
Koha item type წიგნი
ეგზემპლარები
Withdrawn status Lost status Damaged status Not for loan Date acquired Barcode Date last seen Price effective from Koha item type
        2018-12-17 48342 2018-12-17 2018-12-17 წიგნი
        2018-12-17 48343 2018-12-17 2018-12-17 წიგნი
        2018-12-17 48344 2018-12-17 2018-12-17 წიგნი
        2018-12-17 48345 2018-12-17 2018-12-17 წიგნი
        2018-12-17 48346 2018-12-17 2018-12-17 წიგნი
        2018-12-17 48347 2018-12-17 2018-12-17 წიგნი
        2018-12-17 48348 2018-12-17 2018-12-17 წიგნი
        2018-12-17 48349 2018-12-17 2018-12-17 წიგნი
        2018-12-17 48350 2018-12-17 2018-12-17 წიგნი
        2018-12-17 48351 2018-12-17 2018-12-17 წიგნი
        2018-12-17 48352 2018-12-17 2018-12-17 წიგნი